000 00654nam a2200193Ia 4500
008 151121s9999||||xx |||||||||||||| ||und||
082 _a813/कवीश्व
082 _bHNW-65914
100 _aवैद्य छबुताई कवीश्वर
245 _aजगावेगळी
260 _b"सुरस प्रकाशन, सोलापूर"
260 _c--
300 _a67
600 _aवैद्य छबुताई कवीश्वर
630 _aजगावेगळी
700 _aवैद्य छबुताई कवीश्वर
730 _aजगावेगळी
942 _cBOOK
999 _c1247411
_d1247408